[Event "POL-chT 2 Liga 2019"]
[Site "Poronin"]
[Date "2019.09.09"]
[Round "3.25"]
[White "Bobula, Mateusz"]
[Black "Wandzik, Wojciech"]
[Result "1/2-1/2"]
[WhiteElo "2326"]
[BlackElo "2409"]
[Annotator "TA"]
[PlyCount "62"]
[EventDate "2019.09.07"]
[EventType "team-tourn"]
[EventCountry "POL"]
[SourceTitle "playchess.com"]
[Source "ChessBase"]
[SourceQuality "1"]

{[%evp 25,62,-3,0,0,0,0,0,0,0,0,0,0,0,0,0,-2,-6,-16,-5,-6,-6,-48,-45,-86,-97,-81,-94,-98,-41,-63,-50,-53,-38,-91,-75,-76,-16,-16,-22]} 1. d4 Nf6 2. c4 e6 3. g3 d5 4. Nf3 dxc4 5. Qa4+ Nbd7 6. Bg2 a6 7. Nc3 Rb8 8. Qxc4 b5 9. Qd3 Bb7 10. O-O c5 11. Bf4 Rc8 12. dxc5 Bxc5 13. Rad1 O-O 14. Ne5 {E02: Open Catalan: 5 Qa4+} Bxg2 15. Kxg2 {[%cal Re5d7]} Nxe5 16. Bxe5 Be7 17. Qxd8 Rfxd8 18. Rxd8+ Rxd8 19. Rd1 {[#]} Rc8 $146 ({Predecessor:} 19... Rxd1 20. Nxd1 Nd5 21. Nc3 Nxc3 22. Bxc3 {½-½ (33) Kryakvin,D (2586)-Khismatullin,D (2652) Taganrog 2013}) 20. Bd6 Kf8 21. a3 Ne8 22. Bxe7+ Kxe7 $11 {[%mdl 4096] Endgame KRN-KRN} 23. Rc1 Nd6 24. Na2 Rxc1 25. Nxc1 $17 {KN-KN} Nc4 26. Nd3 a5 ({Black should play} 26... Kd6 $17) 27. e4 b4 28. axb4 {[#] And now b3 would win.} a4 $1 29. Kf3 (29. Kf1 $15) 29... Nxb2 30. Ke2 Nc4 (30... g5 $17) 31. Nc1 $11 Nd6 {Accuracy: White = 69%, Black = 67%.} 1/2-1/2

[Event "POL-chT 2 Liga 2019"]
[Site "Poronin"]
[Date "2019.09.09"]
[Round "3.26"]
[White "Lizak, Jakub"]
[Black "Kyc, Jerzy"]
[Result "1-0"]
[WhiteElo "2236"]
[BlackElo "2309"]
[Annotator "TA"]
[PlyCount "71"]
[EventDate "2019.09.07"]
[EventType "team-tourn"]
[EventCountry "POL"]
[SourceTitle "playchess.com"]
[Source "ChessBase"]
[SourceQuality "1"]

{[%evp 9,71,0,20,19,23,20,27,0,0,0,0,9,9,11,21,0,25,13,54,6,25,35,100,0,0,0,0,-13,-12,-13,-16,-28,-16,-16,-17,-21,-27,-24,-22,-12,0,0,29,52,70,70,139,139,139,139,168,175,168,175,175,173,29986,29987,29987,29987,29987,29988,29988,29989]} 1. e4 c5 2. Nf3 d6 3. Bb5+ Bd7 4. c4 Nf6 5. Nc3 g6 6. d4 {B52: Sicilian: Moscow Variation with 3...Bd7} cxd4 7. Nxd4 Bg7 8. f3 {White has an edge.} (8. O-O O-O 9. f3 Bxb5 10. cxb5 a6 11. Be3 axb5 12. Ndxb5 {½-½ (35) Karjakin,S (2773)-Duda,J (2737) chess.com INT 2018}) 8... O-O 9. Be3 a6 10. Bxd7 Nfxd7 $146 ({Predecessor:} 10... Nbxd7 11. Qd2 Rc8 12. b3 {1-0 (37) Perez Mitjans,O (2399)-Garcia Gonzalez,O (2036) Linares 2017}) 11. Rc1 Nc6 12. Qd2 Rc8 13. b3 b5 14. cxb5 Nxd4 15. Bxd4 axb5 ({Black should play} 15... Bxd4 $14 16. Qxd4 axb5) 16. O-O ({But not} 16. Nxb5 $6 Rxc1+ 17. Qxc1 Qa5+ 18. Qc3 Qxa2 $11) (16. Bxg7 $16 Kxg7 17. Nxb5) 16... Qa5 $11 17. Bxg7 Kxg7 18. Qd4+ Nf6 19. Nd5 Rxc1 20. Rxc1 e5 21. Qb4 Qa7+ 22. Kh1 {Hoping for Nxf6.} Nxd5 23. exd5 Qxa2 24. Qxd6 Qxb3 {aiming for ...Qb2.} 25. Qxe5+ {[%mdl 4096] Endgame KQR-KQR} Kg8 (25... f6 $5 {[%cal Rf6e5]} 26. Qd4 Qa3 $11) 26. d6 {Strongly threatening d7.} Qd3 27. h4 b4 ({Black should try} 27... Rd8 $14) 28. h5 $16 {Intending h6 and mate.} Qd2 {[#]} 29. Rc4 $1 b3 {White must now prevent ...b2.} 30. hxg6 Qh6+ 31. Kg1 {And now gxf7+ would win.} hxg6 {[#]} 32. d7 $1 $36 {[%mdl 2048] Threatens to win with Rc8. Black is under strong pressure.} Qd2 $2 (32... b2 $18 33. Qxb2 Qe3+ 34. Kh2 Qh6+ 35. Kg1 Qe3+ 36. Kh2 Qh6+ 37. Kg1) 33. Rh4 {[%csl Ge5][%cal Rh4h8] White mates.} f6 34. Qe6+ {[%mdl 64] Double Attack} Kg7 35. Qe7+ Rf7 36. d8=Q {Accuracy: White = 69%, Black = 54%.} 1-0

[Event "POL-chT 2 Liga 2019"]
[Site "Poronin"]
[Date "2019.09.09"]
[Round "3.27"]
[White "Gesicki, Jacek"]
[Black "Duda, Lukasz"]
[Result "0-1"]
[WhiteElo "2234"]
[BlackElo "2209"]
[Annotator "TA"]
[PlyCount "70"]
[EventDate "2019.09.07"]
[EventType "team-tourn"]
[EventCountry "POL"]
[SourceTitle "playchess.com"]
[Source "ChessBase"]
[SourceQuality "1"]

{[%evp 16,70,-27,-27,-19,-30,0,-14,-2,-29,0,0,26,18,42,30,41,31,34,33,35,22,84,32,82,91,89,62,114,105,99,99,119,89,327,316,264,127,147,45,51,0,0,0,0,-16,-24,-19,-21,-96,-35,-189,-158,-1210,-976,-3000,-2116]} 1. e4 e6 2. Nf3 d5 3. Nc3 Nf6 4. e5 Nfd7 5. d4 c5 6. dxc5 Nc6 7. Bf4 Bxc5 8. Bd3 h6 9. Bg3 a6 {C11: French: Classical System: 4 e5 and 4 Bg5 dxe4} (9... g5 10. h3 a6 11. Qd2 b5 12. a3 Bb7 13. O-O Qe7 14. Ne2 Rg8 15. c3 h5 16. Ned4 h4 17. Bh2 {1-0 (34) Mozharov,M (2555)-Najer,E (2646) Moscow 2014}) 10. O-O b5 11. a3 Bb7 {The position is equal.} 12. b4 $146 ({Predecessor:} 12. Re1 Nb6 13. Qc1 Be7 14. Ne2 Rc8 15. b3 Nd7 16. b4 g5 17. h3 h5 {½-½ (30) Lau,R (2468)-Kirchmayr,W (2090) Aschach 2007}) 12... Be7 13. Ne2 Rc8 14. Ned4 Qb6 15. Nxc6 Rxc6 16. Bf4 Rc8 17. Re1 g6 18. Qd2 Bf8 (18... d4 $11) 19. h4 ({Better is} 19. Be3 $16 Qc6 20. a4 bxa4 21. Reb1) 19... Bg7 20. Be3 Qc7 21. a4 Nxe5 (21... bxa4 $14 22. Bd4 Nb6) 22. Nxe5 $16 Bxe5 23. axb5 Bc3 24. Qe2 Bxe1 $2 (24... d4 $16 25. Bd2 Bxa1 26. bxa6 Bxg2 $1 {[%mdl 512]}) 25. Qxe1 $18 axb5 {[#]} 26. Bxb5+ (26. Bc5 $1 $18) 26... Bc6 $16 {[#]} 27. Ra7 (27. Ba6 $1 $16) 27... Qe5 $14 ({Avoid the trap} 27... Bxb5 $2 28. Rxc7 Rxc7 29. Qa1 $18) 28. f4 (28. Ba6 $1 $14 O-O 29. Bxc8 Rxc8 30. Qd1) 28... Qb2 $11 29. Bxc6+ Rxc6 30. Bc5 Rxc5 31. bxc5 O-O $36 {[%mdl 2048] Black wants to play ...Rc8. Black is pushing.} 32. Qd2 (32. Qe5 $11 {remains equal.} Qxc2 33. Rc7) 32... Rc8 (32... Rb8 $17 33. Kh2 Rb4) 33. f5 $2 ({White should play} 33. h5 $1 $15) 33... Qb1+ ({Worse is} 33... Rxc5 34. Ra8+ Kg7 35. fxe6 $11) ({But not} 33... exf5 34. Qxd5 Qb1+ 35. Kf2 $15) 34. Kh2 $2 (34. Kf2 $17) 34... Qb8+ $19 {[%mdl 64] Double Attack} 35. g3 Qxa7 {Accuracy: White = 30%, Black = 40%.} 0-1

[Event "POL-chT 2 Liga 2019"]
[Site "Poronin"]
[Date "2019.09.09"]
[Round "3.28"]
[White "Gola, Karol"]
[Black "Sendera, Jaroslaw"]
[Result "1-0"]
[WhiteElo "2203"]
[BlackElo "2203"]
[Annotator "TA"]
[PlyCount "93"]
[EventDate "2019.09.07"]
[EventType "team-tourn"]
[EventCountry "POL"]
[SourceTitle "playchess.com"]
[Source "ChessBase"]
[SourceQuality "1"]

{[%evp 17,93,0,0,-1,-4,-53,-49,-63,-71,-78,-29,-56,-48,-55,-45,-47,-22,-14,-32,-33,0,-31,-23,-39,0,0,0,8,29,13,68,72,86,71,84,77,78,77,183,200,199,132,208,202,202,209,304,192,205,154,300,232,317,256,467,127,301,151,187,98,109,91,112,0,0,0,0,0,0,-6,0,-10,-10,-10,-10,-10,-10,-11]} 1. e4 c5 2. Nf3 Nc6 3. Bb5 g6 4. Bxc6 bxc6 5. O-O Bg7 6. c3 Nf6 7. Re1 O-O 8. h3 Rb8 9. d3 d6 10. Nbd2 {B31: Sicilian: 2...Nc6 3 Bb5 g6} (10. e5 Nd5 11. c4 Nc7 12. Nc3 Ne6 13. Na4 Qc7 14. exd6 exd6 15. Ng5 Bd4 16. Nf3 Bg7 17. Rb1 Qd8 {½-½ (51) David,A (2574)-Mogranzini,R (2514) Rome 2016}) 10... Nd7 11. d4 cxd4 12. cxd4 $146 {Black is slightly better.} ({Predecessor:} 12. Nxd4 Qc7 13. N2f3 c5 14. Ne2 Bb7 15. Ng3 c4 16. Qe2 Ba6 17. Be3 Nc5 18. Bxc5 Qxc5 {½-½ (40) Spiess,T (2036)-Walbaum,K (2135) Ruhrgebiet 2004}) 12... c5 13. Nb3 Ba6 14. Rb1 c4 15. Nbd2 Qa5 16. Re3 Bb5 17. Ra3 Qb6 18. Nf1 Qb7 19. Qc2 Nf6 20. Ng3 Rbc8 21. Be3 a6 22. Rc1 e6 23. Rc3 d5 (23... a5 $11) 24. e5 $14 Nd7 25. Qd2 f6 26. exf6 Nxf6 27. Bh6 Ne4 (27... Bxh6 $16 28. Qxh6 Ne8) 28. Nxe4 $18 dxe4 29. Ne5 ({Better is} 29. Bxg7 $18 Qxg7 30. Ne5) 29... Rcd8 (29... Bxe5 $16 30. dxe5 (30. Bxf8 Qd5 $16) 30... Rfe8) 30. Bxg7 Qxg7 31. Qe3 {Strongly threatening a4.} Qf6 (31... Qa7 $142 32. a4 (32. Nxc4 Qxd4 33. Qe1 Bxc4 $14) 32... Qxd4) 32. R1c2 Rd5 33. Qxe4 {Threatens to win with Rf3.} Rfd8 (33... Qf4 $16 34. Qxf4 Rxf4) 34. Rd2 R8d6 35. h4 Qd8 $2 {[#]} (35... Qg7) 36. Nf3 $2 (36. Nxg6 $1 $18 {[%mdl 512] is more deadly. Rg3 is the strong threat.} Rf5 (36... hxg6 37. Qxg6+) 37. Ne5) 36... Bc6 $2 (36... e5 $16 {keeps fighting.}) 37. Qe3 (37. Rxc4 $18 Bb5 38. Rc1) 37... Rf5 38. Ne5 ({Don't play} 38. Rxc4 $6 Bxf3 39. gxf3 Qxh4 $14) ({White should play} 38. Ng5 $18) 38... Qxh4 $16 39. Nxc6 ({Much worse is} 39. Nxc4 $6 Rh5 $11) 39... Rxc6 {[#]} 40. Qg3 (40. g3 $1 $16 {[%cal Rg3h4]} Qd8 {[#]} 41. Rxc4 $1 {[%mdl 512]}) 40... Qxg3 $11 {The position is equal.} 41. fxg3 {[%mdl 4096] Endgame KRR-KRR} Ra5 42. a3 Rb5 43. Rdc2 Kf7 44. Rxc4 Rxc4 45. Rxc4 Rxb2 46. Rc6 Rd2 47. Rxa6 {[%mdl 32768] Accuracy: White = 48%, Black = 32%. . Loss on time!?} 1-0

[Event "POL-chT 2 Liga 2019"]
[Site "Poronin"]
[Date "2019.09.09"]
[Round "3.29"]
[White "Polok, Rafal"]
[Black "Szolc, Grzegorz"]
[Result "1/2-1/2"]
[WhiteElo "2053"]
[BlackElo "2038"]
[Annotator "NA RC"]
[PlyCount "65"]
[EventDate "2019.09.07"]
[EventType "team-tourn"]
[EventCountry "POL"]
[SourceTitle "playchess.com"]
[Source "ChessBase"]
[SourceQuality "1"]
[TimeControl "40/5400+30:1800+30"]

1. e4 {[%emt 0:00:00]} c5 {[%emt 0:00:00]} 2. Nc3 {[%emt 0:00:00]} e6 {[%emt 0:00:00]} 3. g3 {[%emt 0:00:00]} Nc6 {[%emt 0:00:19]} 4. Bg2 {[%emt 0:00:00]} g6 {[%emt 0:00:16]} 5. d3 {[%emt 0:00:04]} Bg7 {[%emt 0:00:07]} 6. Be3 {[%emt 0:00:09]} d6 {[%emt 0:00:21]} 7. Qd2 {[%emt 0:00:05]} Rb8 {[%emt 0:02:15]} 8. Nf3 {[%emt 0:01:13]} Qb6 {[%emt 0:29:32]} 9. Nd1 {[%emt 0:22:40]} Nd4 {[%emt 0:09:41]} 10. c3 {[%emt 0:03:17]} Nxf3+ {[%emt 0:01:15]} 11. Bxf3 {[%emt 0:00:05]} Qc7 {[%emt 0:13:35]} 12. d4 {[%emt 0:07:45]} b6 {[%emt 0:04:31]} 13. O-O {[%emt 0:05:28]} h5 {[%emt 0:02:40]} 14. h4 {[%emt 0:01:28]} Ne7 {[%emt 0:00:24]} 15. Bg2 {[%emt 0:06:46]} Bb7 {[%emt 0:04:55]} 16. f4 {[%emt 0:14:42]} f5 {[%emt 0:02:16]} 17. e5 {[%emt 0:03:38]} Bxg2 {[%emt 0:09:37]} 18. Kxg2 {[%emt 0:05:13]} cxd4 {[%emt 0:02:43]} 19. cxd4 {[%emt 0:00:13]} Qb7+ {[%emt 0:01:51]} 20. Kh2 {[%emt 0:02:14]} d5 {[%emt 0:00:23]} 21. a4 {[%emt 0:05:25]} a6 {[%emt 0:01:09]} 22. b3 {[%emt 0:05:13]} Kf7 {[%emt 0:00:20]} 23. Nb2 {[%emt 0:01:58]} Rhc8 {[%emt 0:00:40]} 24. Nd3 {[%emt 0:01:19]} Nc6 {[%emt 0:01:16]} 25. Qb2 {[%emt 0:00:58]} Bf8 {[%emt 0:00:42]} 26. Bd2 {[%emt 0:00:59]} Rc7 {[%emt 0:00:57]} 27. Rfc1 {[%emt 0:03:42]} Rbc8 {[%emt 0:00:49]} 28. Rc2 {[%emt 0:01:16]} Nb8 {[%emt 0:01:23]} 29. Rxc7+ {[%emt 0:01:53]} Rxc7 {[%emt 0:00:05]} 30. Bb4 {[%emt 0:00:17]} Bxb4 {[%emt 0:02:08]} 31. Nxb4 {[%emt 0:00:04]} a5 {[%emt 0:00:20]} 32. Nd3 {[%emt 0:00:39]} Qc8 {[%emt 0:00:30]} 33. Rc1 1/2-1/2

[Event "POL-chT 2 Liga 2019"]
[Site "Poronin"]
[Date "2019.09.09"]
[Round "3.30"]
[White "Szydlowska-Duda, Marta"]
[Black "Trybowska, Barbara"]
[Result "1/2-1/2"]
[WhiteElo "1986"]
[BlackElo "1689"]
[Annotator "NA RC"]
[PlyCount "38"]
[EventDate "2019.09.07"]
[EventType "team-tourn"]
[EventCountry "POL"]
[SourceTitle "playchess.com"]
[Source "ChessBase"]
[SourceQuality "1"]
[TimeControl "40/5400+30:1800+30"]

1. d4 {[%emt 0:00:00]} d5 {[%emt 0:00:00]} 2. Nf3 {[%emt 0:00:00]} Nf6 {[%emt 0:00:00]} 3. Bf4 {[%emt 0:00:00]} c5 {[%emt 0:00:00]} 4. e3 {[%emt 0:00:44]} Nc6 {[%emt 0:00:31]} 5. c3 {[%emt 0:02:05]} e6 {[%emt 0:00:48]} 6. Bd3 {[%emt 0:01:22]} Nh5 {[%emt 0:03:26]} 7. Bg3 {[%emt 0:01:02]} Nxg3 {[%emt 0:00:21]} 8. hxg3 {[%emt 0:00:06]} h6 {[%emt 0:00:55]} 9. Nbd2 {[%emt 0:00:44]} Qb6 {[%emt 0:05:04]} 10. Rb1 {[%emt 0:01:42]} cxd4 {[%emt 0:07:24]} 11. exd4 {[%emt 0:00:21]} Bd6 {[%emt 0:04:01]} 12. Qe2 {[%emt 0:07:50]} Bd7 {[%emt 0:07:51]} 13. b4 {[%emt 0:34:29]} Qc7 {[%emt 0:08:51]} 14. Nb3 {[%emt 0:06:33]} b6 {[%emt 0:09:31]} 15. Kf1 {[%emt 0:12:47]} Kf8 {[%emt 0:10:41]} 16. Re1 {[%emt 0:07:37]} Re8 {[%emt 0:07:26]} 17. Ne5 {[%emt 0:02:36]} Nxe5 {[%emt 0:08:52]} 18. dxe5 {[%emt 0:00:06]} Be7 {[%emt 0:00:08]} 19. Rc1 {[%emt 0:09:51]} Ba4 {[%emt 0:02:25]} 1/2-1/2

[Event "POL-chT 2 Liga 2019"]
[Site "Poronin"]
[Date "2019.09.09"]
[Round "3.31"]
[White "Kempinski, Tomasz"]
[Black "Maciejczak, Jakub"]
[Result "0-1"]
[WhiteElo "2210"]
[BlackElo "2383"]
[Annotator "TA"]
[PlyCount "86"]
[EventDate "2019.09.07"]
[EventType "team-tourn"]
[EventCountry "POL"]
[SourceTitle "playchess.com"]
[Source "ChessBase"]
[SourceQuality "1"]

{[%evp 10,86,18,19,54,20,24,24,40,9,22,22,30,-95,-93,-74,-37,-21,-40,-49,-6,-124,-105,-333,-341,-383,-383,-375,-374,-532,-529,-525,-520,-520,-519,-488,-506,-519,-483,-475,-298,-291,-232,-240,-211,-313,-307,-451,-426,-503,-445,-645,-283,-264,-275,-266,-269,-307,-286,-277,-243,-331,-346,-414,-414,-404,-404,-370,-316,-391,-333,-613,-622,-643,-633,-616,-440,-1145,-1048]} 1. Nf3 d5 2. d4 Nf6 3. Bg5 e6 4. Nbd2 h6 5. Bxf6 Qxf6 6. e4 c5 {A46: 1 d4 Nf6 2 Nf3 e6: Torre, London and Colle Systems} (6... Qd8 7. Bd3 Be7 8. Qe2 O-O 9. c3 c5 10. exd5 exd5 11. O-O Nc6 12. dxc5 Bxc5 13. Nb3 Bb6 14. Nfd4 {½-½ (68) Al Sayed,M (2508)-Agdestein,S (2602) Doha 2016}) 7. exd5 exd5 8. Bb5+ Nc6 {White has an edge.} 9. Qe2+ Be7 10. dxc5 $146 ({Predecessor:} 10. O-O O-O 11. Rfe1 Be6 12. c4 Bd6 13. dxc5 Bxc5 14. Nb3 {1-0 (37) Andersen,D (1741)-Pettersen,J (1724) Gausdal 2007}) 10... O-O 11. O-O-O (11. Nb3 $11) 11... Bxc5 $17 12. Nb3 Bb6 13. Rxd5 Nb4 $36 {[%mdl 2048] Black fights for an advantage.} 14. Re5 Bf5 15. Nbd4 (15. a3 $1 $11 Nxc2 16. Rxf5 {[%mdl 64] Decoy} Qxf5 17. Bd3 {[%mdl 64] Double Attack}) 15... Bg6 16. a3 $2 (16. c3 $17) 16... Bxd4 $1 $19 17. Nxd4 {[#]} Nxc2 $1 {[%mdl 512]} 18. Nxc2 Rac8 {[%cal Ba8c8,Bc8c4,Bc4e4][%mdl 32]} 19. Bc4 (19. Re4 {was worth a try.} Bxe4 20. Qxe4 Qg5+ {[%mdl 64] Double Attack} 21. Kb1 Qxb5 22. Qf3) 19... Qf4+ {[%mdl 64] Double Attack} 20. Kb1 {And now Bb3 would win.} Rxc4 21. Rc1 Rfc8 {...Rxc2 is the strong threat.} 22. Re8+ Rxe8 23. Qxe8+ Kh7 24. Qe2 Re4 25. Qf1 Qxh2 26. Ka1 Qe5 27. Ne3 (27. Re1 $142) 27... b5 {[%cal Bb7b5,Bb5b4][%mdl 32]} 28. Qd1 (28. g3 $142) 28... b4 29. a4 Rf4 30. Qd2 (30. Nc4 $142 Qe6 31. Qb3) 30... Qa5 (30... b3 $142 {[%cal Rf4a4]} 31. Rc4 Rxc4 32. Nxc4 {[#]} Qe4 $1 {[%mdl 512]}) 31. b3 Qe5+ 32. Ka2 Rd4 33. Qb2 Qd6 {Threatens to win with ...Rd2!} 34. Nc4 Qd5 35. Re1 Rd3 36. g3 Rc3 {White must now prevent ...Rc2.} 37. Rc1 Qd4 38. Ne3 Qd3 39. Rd1 Qe4 40. Qd2 $2 (40. Rd2 a5 41. Nd5) 40... Qf3 {Black is clearly winning.} 41. Kb2 f6 42. Ka2 Bf7 43. Rb1 (43. Nd5 $142 Bxd5 44. Qxd5) 43... Qc6 {Accuracy: White = 27%, Black = 73%.} 0-1

[Event "POL-chT 2 Liga 2019"]
[Site "Poronin"]
[Date "2019.09.09"]
[Round "3.32"]
[White "Dudzinski, Piotr"]
[Black "Paszek, Krzysztof"]
[Result "0-1"]
[WhiteElo "2355"]
[BlackElo "2117"]
[Annotator "TA"]
[PlyCount "58"]
[EventDate "2019.09.07"]
[EventType "team-tourn"]
[EventCountry "POL"]
[SourceTitle "playchess.com"]
[Source "ChessBase"]
[SourceQuality "1"]

{[%evp 16,98,50,46,56,47,47,40,67,62,114,32,35,44,41,19,115,0,0,0,0,-35,0,-31,-45,-47,-44,-79,-56,-132,-132,-113,-116,-189,-178,-202,-199,-236,-220,-252,-176,-213,-189,-207,-199,-311,-294,-317,-317,-316,-294,-273,-309,-292,-314,-314,-306,-373,-352,-432,-416,-399,-396,-379,-379,-364,-276,-347,-327,-339,-327,-437,-425,-565,-545,-548,-512,-506,-492,-963,-954,-1034,-1011,-1086,-1081]} 1. e4 c5 2. c3 Nf6 3. e5 Nd5 4. d4 cxd4 5. cxd4 e6 6. Nc3 Nxc3 7. bxc3 Qc7 8. Bd2 d6 9. f4 Be7 {B22: Sicilian: 2 c3} (9... b6 10. Nf3 Bb7 11. Bd3 Nc6 12. O-O Be7 13. f5 exf5 14. Bxf5 dxe5 15. Ng5 Bxg5 16. Bxg5 Ne7 17. Bxe7 Qxe7 {½-½ (34) Adhiban,B (2677)-Duda,J (2707) Linares 2017}) 10. Bd3 Nc6 11. Nf3 Bd7 {White is slightly better.} 12. O-O Na5 {[#]} ({Black should try} 12... g6 $14) 13. Qe2 (13. exd6 $1 $16 Bxd6 14. Ne5) 13... d5 $14 14. Ng5 g6 15. h4 $146 ({Predecessor:} 15. Rf3 Nc4 16. Rh3 Bxg5 17. fxg5 {1-0 (40) Mazurchak,B (2209)-Barski,R (2278) Lvov 2013}) 15... h6 {[#]} (15... h5 $11) 16. Nf3 (16. Nxf7 $1 $16 Kxf7 17. h5) 16... Nc4 $11 17. Be1 O-O-O 18. Bf2 Kb8 19. Bxc4 Qxc4 20. Qxc4 dxc4 21. Nd2 Bc6 22. Nxc4 (22. Bg3 $15) 22... Bb5 $17 23. Nd2 Bxf1 24. Rxf1 (24. Kxf1 $17 g5 25. g4) 24... Rc8 $19 25. Ne4 Rc4 26. Rc1 Rhc8 27. Rc2 b5 28. Rb2 a6 29. g3 Kc7 {Played: Rc4-a4} 0-1

[Event "POL-chT 2 Liga 2019"]
[Site "Poronin"]
[Date "2019.09.09"]
[Round "3.33"]
[White "Bartkowiak, Damian"]
[Black "Janaszak, Dawid"]
[Result "0-1"]
[WhiteElo "2085"]
[BlackElo "2351"]
[Annotator "TA"]
[PlyCount "46"]
[EventDate "2019.09.07"]
[EventType "team-tourn"]
[EventCountry "POL"]
[SourceTitle "playchess.com"]
[Source "ChessBase"]
[SourceQuality "1"]

{[%evp 19,46,65,89,83,104,98,106,87,89,77,78,70,85,68,75,57,75,32,63,23,29,0,54,-227,-207,-220,-208,-239,-223]} 1. d4 Nf6 2. c4 c5 3. d5 g6 4. Nc3 Bg7 5. e4 d6 6. h3 O-O 7. Nf3 e6 8. Bd3 Na6 9. O-O Nc7 10. Re1 e5 11. a3 {E90: King's Indian: Classical: Early deviations and 6 h3} h6 12. b4 b6 13. bxc5 {White is better.} bxc5 14. Qa4 Nh5 15. Rb1 {[#]} Ne8 $146 ({Predecessor:} 15... f5 16. Qa5 Kh7 17. Rb3 Rf7 18. Nb5 fxe4 19. Bxe4 {½-½ (36) Kuraszkiewicz,M (2330)-Gdanski,J (2507) Warsaw 2008}) 16. Qc6 Bd7 $1 {[%cal Rd7c6]} 17. Qa6 f5 18. Nb5 Bc8 19. Qc6 Bd7 20. Qa6 Rf7 ({Black should play} 20... Bc8 $11 21. Qa4 Nhf6) 21. Nxa7 $2 {[%mdl 8192] [#]} (21. Bd2 $14 {keeps the upper hand.}) 21... Bc8 $19 {Black is clearly better.} 22. Nc6 Bxa6 23. Nxd8 Rxd8 {Accuracy: White = 18%, Black = 64%.} 0-1

[Event "POL-chT 2 Liga 2019"]
[Site "Poronin"]
[Date "2019.09.09"]
[Round "3.34"]
[White "Malovanyi, Yulian"]
[Black "Rusiniak, Slawomir"]
[Result "1-0"]
[WhiteElo "2320"]
[BlackElo "2104"]
[Annotator "TA"]
[PlyCount "63"]
[EventDate "2019.09.07"]
[EventType "team-tourn"]
[EventCountry "POL"]
[SourceTitle "playchess.com"]
[Source "ChessBase"]
[SourceQuality "1"]

{[%evp 15,82,7,17,29,37,19,38,37,29,29,27,10,20,13,22,6,22,27,31,21,57,25,60,63,58,58,71,8,212,128,108,61,71,68,267,227,277,276,266,271,329,328,320,314,290,310,335,308,739,723,751,663,651,618,1180,1186,1379,1373,1409,1412,1228,1189,1513,1295,5056,5127,29978,29977,29991]} 1. e4 g6 2. d4 Bg7 3. Nc3 d6 4. g3 Nf6 5. Bg2 O-O 6. Nge2 e5 7. O-O Nbd7 {[%cal Bb8d7,Bd7c5,Bc5e4][%mdl 32]} 8. h3 a6 9. a4 {B07: Pirc Defence: Miscellaneous Systems} exd4 10. Nxd4 Nc5 (10... Re8 11. Re1 Rb8 12. Bf4 {½-½ (35) Vitiugov,N (2726)-Mamedov,R (2688) Doha 2016}) 11. Re1 {White is slightly better.} Re8 12. a5 Rb8 13. f4 d5 $146 {[%cal Rf6e4]} ({Predecessor:} 13... c6 14. Ra3 Nfxe4 15. Nxe4 d5 16. Nxc6 bxc6 17. Nxc5 {½-½ (23) Adnani,M (2442)-Issa,R (2408) Marrakesh 2016}) 14. e5 Nfe4 $1 15. Nxe4 Nxe4 16. c4 Nxg3 17. cxd5 Qh4 18. Nf3 $1 {[%cal Rf3h4]} Qd8 19. Be3 Bf5 20. Kh2 Nh5 $1 {[#]} 21. Nd4 (21. Ra4 $1 $16) 21... Qd7 $2 ({But not} 21... Qh4 $6 22. Nxf5 gxf5 23. Rf1 $16 (23. Qf3 Bh6 $16)) (21... Bd7 $1 $11 {and Black stays safe.}) 22. Nxf5 Qxf5 23. Qg4 $36 {[%mdl 2048] And now Qxf5 would win. White is more active.} Qd3 24. Rac1 f6 $2 (24... Rbd8 $14) 25. e6 {Strongly threatening f5.} ({Weaker is} 25. Rxc7 fxe5 26. Bf1 Qe4 $16) 25... f5 {[#]} 26. Qe2 $1 {[%cal Re2d3]} Qxe2 27. Rxe2 Re7 28. Bf3 Nf6 29. Bc5 Ree8 30. e7 Bh6 31. Kg3 {Bd4 is the strong threat.} g5 $2 (31... Kf7 32. Ba3 Rbc8) 32. Re6 {Played: Bc5-d4} 1-0

[Event "POL-chT 2 Liga 2019"]
[Site "Poronin"]
[Date "2019.09.09"]
[Round "3.35"]
[White "Polarczyk, Pawel"]
[Black "Dudzinski, Pawel"]
[Result "1/2-1/2"]
[WhiteElo "1794"]
[BlackElo "2194"]
[Annotator "TA"]
[PlyCount "46"]
[EventDate "2019.09.07"]
[EventType "team-tourn"]
[EventCountry "POL"]
[SourceTitle "playchess.com"]
[Source "ChessBase"]
[SourceQuality "1"]

{[%evp 10,46,40,-8,0,0,0,0,0,-33,-27,-42,-10,-16,0,-22,-5,-5,-7,-9,0,-14,-11,-7,-7,-5,-8,-11,7,7,7,7,7,4,4,6,8,2,12]} 1. d4 f5 2. c4 Nf6 3. Nc3 d6 4. g3 g6 5. Bg2 Bg7 6. e4 (6. e3 {with more complications.} O-O 7. Nge2 e5 8. O-O Nc6 9. d5) 6... fxe4 {A86: Dutch Defence: Leningrad System: Unusual lines and 5 Nh3} 7. Nxe4 Nxe4 8. Bxe4 c6 9. Qd3 $146 ({Predecessor:} 9. Ne2 Nd7 10. Bg2 Nf6 11. O-O O-O 12. Bg5 {½-½ (12) Cyborowski,L (2560)-Malaniuk,V (2522) Koszalin 2007}) 9... O-O 10. Ne2 Na6 11. Be3 {The position is equal.} Bf5 12. a3 Qd7 13. h4 Nc7 14. h5 d5 15. Bxf5 Qxf5 16. Qxf5 Rxf5 17. hxg6 hxg6 18. g4 Rff8 19. Nf4 Kf7 20. cxd5 Nxd5 21. Nxd5 cxd5 22. Ke2 Rac8 23. Rac1 a6 {Accuracy: White = 77%, Black = 50%.} 1/2-1/2